Feeding and Nutrition of Beef Cattle. (Record no. 7364)

MARC details
000 -LEADER
fixed length control field 00579nam a22002057a 4500
003 - CONTROL NUMBER IDENTIFIER
control field OSt
005 - DATE AND TIME OF LATEST TRANSACTION
control field 20211022122529.0
008 - FIXED-LENGTH DATA ELEMENTS--GENERAL INFORMATION
fixed length control field 211022b ||||| |||| 00| 0 eng d
020 ## - INTERNATIONAL STANDARD BOOK NUMBER
International Standard Book Number 978012552050X
040 ## - CATALOGING SOURCE
Transcribing agency DDC
082 ## - DEWEY DECIMAL CLASSIFICATION NUMBER
Classification number 666.084HIL 1980
100 ## - MAIN ENTRY--PERSONAL NAME
Personal name Hilton,W. Mark;
9 (RLIN) 15096
245 ## - TITLE STATEMENT
Title Feeding and Nutrition of Beef Cattle.
Statement of responsibility, etc. Edited by Hilton,W. Mark;
250 ## - EDITION STATEMENT
Edition statement 2nd Ed.
260 ## - PUBLICATION, DISTRIBUTION, ETC. (IMPRINT)
Place of publication, distribution, etc. UK.
Name of publisher, distributor, etc. Academic Press Limited.
Date of publication, distribution, etc. 1980.
300 ## - PHYSICAL DESCRIPTION
Extent xx,389p;
Other physical details ill;
Dimensions 26cm
504 ## - BIBLIOGRAPHY, ETC. NOTE
Bibliography, etc Includes; References and index.
650 ## - SUBJECT ADDED ENTRY--TOPICAL TERM
Topical term or geographic name as entry element Agriculture.
9 (RLIN) 4591
942 ## - ADDED ENTRY ELEMENTS (KOHA)
Source of classification or shelving scheme Dewey Decimal Classification
Koha item type Open Shelf
Holdings
Withdrawn status Lost status Source of classification or shelving scheme Damaged status Not for loan Home library Current library Date acquired Source of acquisition Inventory number Total Checkouts Full call number Barcode Date last seen Price effective from Koha item type
    Dewey Decimal Classification     Faculty of Interdisciplinary Studies Library Faculty of Interdisciplinary Studies Library 22/10/2021 Purchase 21/41535   666.084HIL 1980 2021-1492 22/10/2021 22/10/2021 Open Shelf
    Dewey Decimal Classification     Faculty of Interdisciplinary Studies Library Faculty of Interdisciplinary Studies Library 22/10/2021 Purchase 21/41536   666.084HIL 1980 2021-1493 22/10/2021 22/10/2021 Open Shelf